[Event "AVC XXVII"]
[Site "http://www.queenalice.com/game.php?id=1368189"]
[Date "2015.6.28"]
[Round "-"]
[White "rogeriooliveira"]
[Black "ANACONDAPB"]
[Result "0-1"]
[WhiteElo "1289"]
[BlackElo "1560"]

1. e4 d6 2. d4 e6 3. e5 dxe5 4. dxe5 Qxd1+ 5. Kxd1 Nc6 6. Nc3 a6 7. Nf3 h6 8.
Bc4 b5 9. Be2 g5 10. Kd2 g4 11. Ne1 Nxe5 12. f3 Bb7 13. Nd3 Rd8 14. f4 Bxg2 15.
Rg1 Bf3 16. Re1 Nc4+ 17. Kd1 Nf6 18. Bxf3 gxf3 19. Rf1 Ng4 20. Bd2 Bd6 21. Rxf3
Nxh2 22. b3 Nxf3 23. Be3 Nxe3+ 24. Ke2 Nxc2 25. Rc1 Ncd4+ 26. Ke3 Rg8 27. Ne5
Bxe5 28. Ne4 Bh8 29. Nc5 Rg3 30. Kf2 Rg4 31. Nb7 Rd5 32. Rxc7 Kf8 33. Rc8+ Kg7
34. Nd8 Rxf4 35. Nc6 Kh7 36. Rc7 Nh4+ 37. Ke3 Ng2+ 38. Kd2 Rf2+ 39. Kd3 Nxc6+
40. Ke4 Rf4# 0-1

[Event "OS INCLIVEIS"]
[Site "http://www.queenalice.com/game.php?id=1368835"]
[Date "2015.7.1"]
[Round "-"]
[White "adelio"]
[Black "ANACONDAPB"]
[Result "1-0"]
[WhiteElo "1754"]
[BlackElo "1507"]

1. d4 Nf6 2. c4 d5 3. e3 e6 4. c5 a6 5. Be2 b6 6. b4 Nc6 7. a3 bxc5 8. dxc5 h6
9. Ra2 Rb8 10. h4 a5 11. h5 axb4 12. g4 Bxc5 13. axb4 Rxb4 14. Nc3 O-O 15. Nh3
d4 16. g5 hxg5 17. Nxg5 Nd5 18. Nce4 f5 19. Nxc5 Qd6 20. Ncxe6 Bxe6 21. h6 Qe7
22. hxg7 Qxg7 23. Nxe6 Qg2 24. Bf3 Qg6 25. Bxd5 Qf6 26. Nd8+ Kg7 27. Rg1+ Kh7
28. Qh5+ Qh6 29. Qxh6+ Kxh6 30. e4+ f4 31. Nxc6 Rb1 32. Kd2 Kh7 33. Nxd4 Rc8 34.
e5 Rb4 35. Kd3 c5 36. Ra7+ Kh8 37. Rh1# 1-0

[Event "OS INCLIVEIS"]
[Site "http://www.queenalice.com/game.php?id=1368837"]
[Date "2015.7.1"]
[Round "-"]
[White "ANACONDAPB"]
[Black "adelio"]
[Result "0-1"]
[WhiteElo "1506"]
[BlackElo "1690"]

1. e4 a6 2. b4 e5 3. a3 c5 4. bxc5 Bxc5 5. Nf3 Bxf2+ 6. Kxf2 Qf6 7. Ke1 Nc6 8.
Bb2 d6 9. Nc3 Be6 10. Be2 b5 11. Nd5 Bxd5 12. exd5 Nd4 13. Bxd4 exd4 14. Bd3 Ne7
15. Qe2 O-O 16. a4 Nxd5 17. Rf1 Rae8 18. Be4 Nf4 19. Qf2 Rxe4+ 20. Kd1 d3 21.
Rc1 dxc2+ 22. Rxc2 Qa1+ 23. Rc1 Qxa4+ 24. Rc2 Rc8 25. d3 Nxd3 26. Nd4 Nxf2+ 27.
Rxf2 Rxd4+ 28. Ke1 Qa1+ 29. Ke2 Rxc2+ 30. Ke3 Qc3# 0-1

[Event "the white horse"]
[Site "http://www.queenalice.com/game.php?id=1369449"]
[Date "2015.7.4"]
[Round "-"]
[White "ANACONDAPB"]
[Black "knightsdefence"]
[Result "0-1"]
[WhiteElo "1396"]
[BlackElo "1750"]

1. e4 e5 2. Nf3 Nf6 3. Nc3 Nc6 4. Bb5 Bd6 5. d3 O-O 6. a3 Re8 7. O-O Bf8 8. Nd5
h6 9. b4 a6 10. Bxc6 bxc6 11. Nxf6+ Qxf6 12. c4 c5 13. Bd2 d6 14. bxc5 dxc5 15.
Rb1 Bg4 16. h3 Bxf3 17. Qxf3 Qxf3 18. gxf3 Reb8 19. Ba5 Bd6 20. Kh2 f5 21. exf5
e4+ 22. Kh1 exd3 23. Rfd1 Rxb1 24. Rxb1 Bf4 25. Rd1 Rd8 26. Bd2 Bxd2 27. Rxd2
Kf7 28. Kg2 Kf6 29. Kg3 Kxf5 30. f4 Ke4 31. f5 Kd4 32. Kf3 Kc3 33. Ke3 Kxc4 34.
a4 Kc3 35. h4 c4 36. a5 Re8+ 37. Kf4 Kxd2 38. f6 Rf8 0-1

[Event "Challenge"]
[Site "http://www.queenalice.com/game.php?id=1369677"]
[Date "2015.7.4"]
[Round "-"]
[White "ANACONDAPB"]
[Black "frt"]
[Result "1-0"]
[WhiteElo "1391"]
[BlackElo "1461"]

1. e4 e5 2. Nf3 Nc6 3. Nc3 Bc5 4. Bb5 Nf6 5. d3 b6 6. Bxc6 dxc6 7. a3 Be6 8.
Nxe5 Qd4 9. O-O Qxe5 10. Be3 Bxe3 11. fxe3 Qg5 12. Qf3 O-O 13. d4 Ng4 14. h3
Nxe3 15. Rf2 Bxh3 16. Qxh3 Rad8 17. Rd1 Rfe8 18. Rd3 Ng4 19. Rff3 Re6 20. d5
cxd5 21. Rxd5 Rxd5 22. Nxd5 Qe5 23. Qxg4 Rh6 24. Qc8+ 1-0

[Event "Challenge"]
[Site "http://www.queenalice.com/game.php?id=1371616"]
[Date "2015.7.14"]
[Round "-"]
[White "ANACONDAPB"]
[Black "caracole"]
[Result "1-0"]
[WhiteElo "1522"]
[BlackElo "1482"]

1. e4 e5 2. Nf3 Nc6 3. a3 Bc5 4. b4 Bb6 5. Bc4 Nh6 6. d3 O-O 7. Nc3 Ng4 8. Nd5
Nxf2 9. Qe2 Nxh1 10. Be3 Bd4 11. Bxd4 exd4 12. O-O-O Ng3 13. hxg3 d6 14. Nh4 Ne5
15. Rh1 Nxc4 16. dxc4 c6 17. Qd3 cxd5 18. exd5 Qf6 19. Nf3 Qe7 20. Qxh7# 1-0

[Event "Challenge"]
[Site "http://www.queenalice.com/game.php?id=1372812"]
[Date "2015.7.23"]
[Round "-"]
[White "ANACONDAPB"]
[Black "charles31"]
[Result "1-0"]
[WhiteElo "1443"]
[BlackElo "1673"]

1. e4 e5 2. Nf3 d6 3. h3 Nf6 4. Nc3 a6 5. d3 Nc6 6. Bg5 h6 7. Bxf6 Qxf6 8. Nd5
Qd8 9. c3 Be6 10. a3 Ne7 11. Nxe7 Bxe7 12. d4 exd4 13. Qxd4 Bf6 14. Qd3 Qd7 15.
Be2 Qa4 16. Bd1 Bb3 17. Bxb3 Qxb3 18. Rb1 O-O-O 19. O-O Qb6 20. Qc4 Rd7 21. Rfe1
Rhd8 22. Red1 g5 23. Rd5 c6 24. Rf5 d5 25. Qa4 dxe4 26. Rxf6 Rh8 27. Qxe4 Kd8
28. Ne5 Re7 29. Nxf7+ Ke8 30. Qg6 1-0

[Event "Let's Play Chess!"]
[Site "http://www.queenalice.com/game.php?id=1374562"]
[Date "2015.7.31"]
[Round "-"]
[White "tucuman"]
[Black "ANACONDAPB"]
[Result "0-1"]
[WhiteElo "1706"]
[BlackElo "1495"]

1. e4 Nf6 2. e5 Nd5 3. d4 f6 4. Qf3 e6 5. Bf4 g5 6. Qh5+ Ke7 7. exf6+ Nxf6 8.
Qxg5 h6 9. Qc5+ Ke8 10. Qxc7 Qxc7 11. Bxc7 Nc6 12. Nf3 d6 13. Bd3 Nd5 14. Bg6+
Kd7 15. Bxd6 Bxd6 16. a3 Rg8 17. Nh4 Nxd4 18. O-O b6 19. Nd2 Be7 20. Bf7 Rg7 21.
Bxe6+ Nxe6 22. Nf5 Rg5 23. Nxh6 Ba6 24. Rfe1 Rf8 25. h3 Bc5 26. Nf3 Rxf3 27. Ng4
Rf4 28. Rad1 Nd4 29. b4 Bd6 30. c3 Nc2 31. Rf1 Bxf1 32. Kxf1 Nce3+ 33. Nxe3
Nxe3+ 34. Ke2 Nxd1 0-1

[Event "Challenge"]
[Site "http://www.queenalice.com/game.php?id=1374598"]
[Date "2015.7.31"]
[Round "-"]
[White "ANACONDAPB"]
[Black "knightsdefence"]
[Result "1-0"]
[WhiteElo "1549"]
[BlackElo "1826"]

1. e4 e6 2. a3 d5 3. e5 c5 4. Bb5+ Nc6 5. Nf3 Bd7 6. c3 Nxe5 7. Bxd7+ Nxd7 8.
O-O Bd6 9. d3 Ngf6 10. c4 O-O 11. Nc3 a6 12. cxd5 exd5 13. Bg5 Qc7 14. Bxf6 Nxf6
15. h3 d4 16. Ne4 Nxe4 17. dxe4 Rfe8 18. Qd3 f6 19. Rac1 Qb6 20. Rc2 Rac8 21.
Qc4+ Kh8 22. Re1 Qd8 23. Rce2 1-0

[Event "Let's Play Chess!"]
[Site "http://www.queenalice.com/game.php?id=1377531"]
[Date "2015.8.15"]
[Round "-"]
[White "charles31"]
[Black "ANACONDAPB"]
[Result "1-0"]
[WhiteElo "1679"]
[BlackElo "1539"]

1. g3 d5 2. d4 Nc6 3. e3 Nf6 4. Bg2 Bg4 5. f3 Bd7 6. Nc3 e6 7. Nh3 h6 8. Qe2 a6
9. a3 e5 10. dxe5 Nxe5 11. Nf4 Bc6 12. Bd2 g5 13. Nd3 Bb5 14. Nxb5 Nxd3+ 15.
Qxd3 axb5 16. Qxb5+ c6 17. Qxb7 Rc8 18. Bh3 Rc7 19. Qb3 Bc5 20. O-O-O O-O 21.
Bg2 Qd7 22. g4 Rb7 23. Qc3 Kg7 24. Qxc5 Ra8 25. Bc3 Qe6 26. f4 gxf4 27. Bxf6+
Qxf6 28. c3 Rb3 29. Rhf1 Qg6 30. e4 Qxg4 31. Bf3 Qh3 32. exd5 Qxh2 33. Rd2 Qh4
34. Qd4+ f6 35. dxc6 Re8 36. Qd7+ Kf8 37. Qd6+ Re7 38. Bd5 Qh3 39. Qxf6+ Ke8 40.
Qh8# 1-0

[Event "Let's Play Chess!"]
[Site "http://www.queenalice.com/game.php?id=1377572"]
[Date "2015.8.15"]
[Round "-"]
[White "ANACONDAPB"]
[Black "paolop69"]
[Result "0-1"]
[WhiteElo "1601"]
[BlackElo "1733"]

1. e4 e5 2. Nf3 d6 3. h3 h6 4. Bc4 c6 5. Nc3 Qe7 6. b3 Be6 7. Bxe6 Qxe6 8. d4
Nd7 9. a4 Ngf6 10. d5 cxd5 11. Nxd5 Nxd5 12. exd5 Qf5 13. g4 Qe4+ 14. Be3 Nb6
15. c4 f6 16. O-O g5 17. Nd2 Qd3 18. Qe1 Be7 19. Nf3 Qe4 20. Kg2 Nd7 21. Rd1 b6
22. Rd2 Nc5 23. Bxc5 Qxe1 24. Rxe1 bxc5 25. Rb2 a5 26. Nd2 Rb8 27. Reb1 O-O 28.
Rh1 f5 29. Rbb1 f4 30. f3 Bf6 31. Ne4 Be7 32. Nc3 Rb7 33. Nb5 Kf7 34. Rb2 Kg6
35. Nc3 h5 36. gxh5+ Kxh5 37. Ne4 Kh4 38. Kf1 Rfb8 39. Nd2 Bf6 40. Rb1 Kh5 41.
Rh2 Kg6 42. Rg2 Rh7 43. Rh2 Kh5 44. Ne4 Be7 45. Ke1 Kh4 46. Ke2 Rb7 47. Rb2 Ra7
48. Nc3 Kg3 49. Ke1 Kxf3 50. Rbe2 g4 51. Rhf2+ Kg3 52. Rg2+ Kf3 0-1

[Event "Challenge"]
[Site "http://www.queenalice.com/game.php?id=1377575"]
[Date "2015.8.15"]
[Round "-"]
[White "tucuman"]
[Black "ANACONDAPB"]
[Result "0-1"]
[WhiteElo "1741"]
[BlackElo "1530"]

1. e4 e5 2. Nf3 Nc6 3. Bc4 a6 4. d3 h6 5. Nc3 b5 6. Bd5 Nf6 7. Bxc6 dxc6 8. h3
b4 9. Ne2 a5 10. b3 Qd6 11. O-O Ba6 12. Bb2 Nd7 13. Ng3 g5 14. Nh2 Bc8 15. Nf5
Qc5 16. d4 Qb6 17. dxe5 Rh7 18. Ng4 Ba6 19. Re1 O-O-O 20. c3 Nc5 21. Qc2 Bd3 22.
Qc1 Bxe4 23. Rd1 Bxf5 24. Rxd8+ Kxd8 25. Ne3 Nd3 26. Qd2 Be4 27. Rd1 Be7 28. Qe2
Kc8 29. Qg4+ f5 30. Qe2 f4 31. Ng4 Bg6 32. Rxd3 Bxd3 33. Qxd3 Rh8 34. c4 Rd8 35.
Qf5+ Kb7 36. Qe4 h5 37. Nf6 Rd1+ 38. Kh2 Qxf2 39. Bd4 Qg3# 0-1

[Event "Challenge"]
[Site "http://www.queenalice.com/game.php?id=1377576"]
[Date "2015.8.15"]
[Round "-"]
[White "ANACONDAPB"]
[Black "tucuman"]
[Result "1-0"]
[WhiteElo "1578"]
[BlackElo "1731"]

1. Nf3 d5 2. d4 e6 3. Nc3 h6 4. a3 a6 5. b4 Bd7 6. e3 Nf6 7. Ne5 Bd6 8. Be2 O-O
9. O-O b5 10. Qd3 Nc6 11. Nxc6 Bxc6 12. f4 Qe7 13. a4 Bxb4 14. Bf3 Bxc3 15. Qxc3
Qd7 16. a5 Ne4 17. Qd3 Qe7 18. Bxe4 dxe4 19. Qd2 Bd5 20. Ba3 Qd7 21. Bxf8 Rxf8
22. Rac1 Bc4 23. Rfd1 Qd5 24. Qf2 f5 25. Qh4 Qd8 26. Qxd8 Rxd8 27. Rd2 Bd5 28.
c3 c6 29. h3 Rc8 30. g4 fxg4 31. hxg4 c5 32. Rcc2 c4 33. Rh2 Rf8 34. g5 hxg5 35.
fxg5 Rf5 36. g6 Rf3 37. Rh7 Rg3+ 38. Rg2 Rxe3 39. Rgh2 Kf8 40. Rh8+ Ke7 41. R2h7
Kf6 42. Rg8 Kxg6 43. Rhxg7+ Kf6 44. Rg6+ Kf7 45. R8g7+ Kf8 46. Ra7 Rxc3 47. Rgg7
e3 48. Rgc7 Rc1+ 49. Kh2 Rh1+ 50. Kg3 Rg1+ 51. Kf4 Rf1+ 52. Kxe3 Rf3+ 53. Ke2
Kg8 54. Rg7+ Kf8 55. Rh7 Kg8 56. Rhc7 b4 57. Rxc4 Bxc4+ 58. Kxf3 b3 59. Rb7 Kf8
60. Kf4 Ke8 61. Ke5 Kd8 62. Kd6 Ke8 63. Kc5 Bd5 64. Rb6 Kd7 65. Kb4 Kc7 66. Kc3
Kd7 67. Rxa6 Kc7 68. Rb6 Kc8 69. a6 Kc7 70. Rb4 Kc8 71. a7 Kc7 72. Ra4 Kb6 73.
a8=Q Bxa8 74. Rxa8 1-0

[Event "Challenge"]
[Site "http://www.queenalice.com/game.php?id=1378186"]
[Date "2015.8.17"]
[Round "-"]
[White "ledeon"]
[Black "ANACONDAPB"]
[Result "1-0"]
[WhiteElo "1904"]
[BlackElo "1564"]

1. d4 d5 2. Nf3 e6 3. c4 dxc4 4. Nc3 a6 5. e4 Bb4 6. Bxc4 Bxc3+ 7. bxc3 Nf6 8.
Bg5 h6 9. Bxf6 Qxf6 10. O-O O-O 11. a4 Qg6 12. Bd3 Bd7 13. Qb1 Bc6 14. d5 exd5
15. exd5 Qf6 16. dxc6 Qxc6 17. Be4 Qxc3 18. Bxb7 Ra7 19. Rc1 Qa5 20. Qe4 Nd7 21.
Nd4 Nc5 22. Nc6 Qd2 23. Rxc5 Rxb7 24. Ne7+ Kh8 25. Qxb7 Rd8 26. Rd5 Qc3 27.
Rxd8+ Kh7 28. Rb1 Qe5 29. Nc6 Qe4 30. Rd7 Qf5 31. Rxc7 Kg8 32. Ne7+ 1-0

[Event "Let's Play Chess!"]
[Site "http://www.queenalice.com/game.php?id=1378950"]
[Date "2015.8.22"]
[Round "-"]
[White "ANACONDAPB"]
[Black "charles31"]
[Result "0-1"]
[WhiteElo "1544"]
[BlackElo "1695"]

1. e4 e5 2. Nf3 d6 3. h3 Be6 4. d4 exd4 5. Nxd4 Qd7 6. Nc3 a6 7. Nxe6 Qxe6 8.
Qf3 c6 9. Bd3 h6 10. Be3 Nd7 11. Qg4 Ngf6 12. Qxe6+ fxe6 13. e5 Nxe5 14. Rd1
Nxd3+ 15. Rxd3 c5 16. Na4 b5 17. Nc3 d5 18. Bf4 g5 19. Be5 Be7 20. O-O Rg8 21.
Rf3 Nd7 22. Bg3 h5 23. Re1 Nf8 24. Be5 g4 25. Rg3 Bh4 26. Rd3 gxh3 27. Rxh3 Bg5
28. Bd6 Bd2 29. Re2 Bxc3 30. Rxc3 c4 31. Rh3 Kd7 32. Be5 Rg5 33. f4 Rf5 34. Ree3
Ng6 35. g3 Rg8 36. Kh1 h4 37. g4 Rf7 38. Ra3 Nxe5 39. fxe5 Rxg4 40. Rxa6 Rf1+
41. Kh2 Rf2+ 42. Kh1 Rfg2 0-1

[Event "Challenge"]
[Site "http://www.queenalice.com/game.php?id=1380066"]
[Date "2015.8.28"]
[Round "-"]
[White "jbumgarjr"]
[Black "ANACONDAPB"]
[Result "1-0"]
[WhiteElo "1445"]
[BlackElo "1573"]

1. d4 d5 2. Nf3 e6 3. Bf4 Bd6 4. e3 a6 5. c4 dxc4 6. Bxc4 Bxf4 7. exf4 Nf6 8.
O-O Bd7 9. Ne5 Qe7 10. Re1 Nc6 11. Nxd7 Qxd7 12. Nc3 b5 13. Bb3 O-O 14. Bc2 Rad8
15. Qd3 1-0

[Event "Challenge"]
[Site "http://www.queenalice.com/game.php?id=1380282"]
[Date "2015.8.29"]
[Round "-"]
[White "ANACONDAPB"]
[Black "ledeon"]
[Result "0-1"]
[WhiteElo "1529"]
[BlackElo "1899"]

1. e4 e5 2. Nf3 Nc6 3. Bb5 Nf6 4. d3 Bc5 5. O-O Nd4 6. Be3 Nxf3+ 7. Qxf3 b6 8.
Nc3 c6 9. Ba4 Qe7 10. Bxc5 Qxc5 11. Bb3 O-O 12. Rad1 d5 13. h3 Be6 14. Na4 dxe4
15. dxe4 Qe7 16. Rd3 Rad8 17. Rfd1 Rxd3 18. Rxd3 b5 19. Nc3 Bxb3 20. axb3 Rd8
21. Ne2 c5 22. b4 cxb4 23. b3 Rd7 24. Ng3 g6 25. Rxd7 Nxd7 26. Qg4 Kh8 27. h4
Nc5 28. Qc8+ Kg7 29. h5 Qb7 30. Qg4 a5 31. Nf5+ Kf8 32. Nd6 Qc6 33. Qc8+ Qxc8
0-1

[Event "Challenge"]
[Site "http://www.queenalice.com/game.php?id=1381464"]
[Date "2015.9.4"]
[Round "-"]
[White "ANACONDAPB"]
[Black "krystian"]
[Result "0-1"]
[WhiteElo "1541"]
[BlackElo "1652"]

1. e4 e5 2. Nf3 Nc6 3. Bb5 a6 4. Bxc6 dxc6 5. Nxe5 Qd4 6. Nf3 Qxe4+ 7. Qe2 Qxe2+
8. Kxe2 Bf5 9. d3 Nf6 10. Re1 O-O-O 11. Kf1 Bd6 12. Ng5 Rd7 13. Nc3 Bxh2 14. Bd2
Bd6 15. a3 h6 16. Nf3 g5 17. Re2 b6 18. Ne4 Nxe4 19. dxe4 Be6 20. Bc3 Rg8 21.
Rd1 Rgd8 0-1